00455nam a2200133Ia 4500008004100000020001500041040004400056100001800100245008200118260003300200300003100233500004000264999001700304180412s9999||||xx |||||||||||||| ||und|| a5030001247 aAhmadu Bello University Library - Zaria aKoblyakov, A. 0aLaboratory practice in the study of textile materialscedited by A. Koblyakov aMoscowbMir Publishersc1989 a384p.: ill., diagr., table aIncludes bibliographical references c23936d23936